Stati per esportazioni di Cotone grezzo - Statistics

Statistiche generali
  • Questo quiz è stato fatto 7 volte
  • Il punteggio medio è 6 su 10
Statistiche sulle risposte
Esportazioni (milioni $) Continente Nazione % Corretto
310 Oceania Australia
100%
3 226 America del Sud Brasile
100%
1 448 Asia India
100%
5 952 America del Nord Stati Uniti
100%
281 Asia / Europa Turchia
100%
161 Africa Egitto
86%
450 Europa Grecia
29%
145 Asia Uzbekistan
14%
450 Africa Benin
0%
262 Africa Burkina Faso
0%
Nessun quiz corrispondente trovato
Distribuzione punteggi
Percentuale di utenti per punteggio
Percentile per numero di risposta
I tuoi punteggi nel tempo
Non hai fatto questo quiz